Statistics for 200 Største Danske Byer - Map Quiz

Click here to take the quiz!

General Stats

  • This quiz has been taken 111 times
  • The average score is 45 of 200

Answers on the Map

Answers color-coded by a green-red scale on the quiz's map according to % correct below.
 

Answer Stats

Answer% Correct
Aarhus
47%
Skagen
47%
Aabenraa
42%
Aalborg
42%
Ebeltoft
42%
Frederikshavn
42%
Grenaa
42%
Sæby
42%
Thisted
42%
Tønder
42%
Aabybro
37%
Esbjerg
37%
Haderslev
37%
Herning
37%
Holbæk
37%
Hundested
37%
København
37%
Middelfart
37%
Nørresundby
37%
Odense
37%
Svendborg
37%
Vejle
37%
Viborg
37%
Vordingborg
37%
Dragør
32%
Faaborg
32%
Fredericia
32%
Helsingør
32%
Hillerød
32%
Hirtshals
32%
Holstebro
32%
Horsens
32%
Ikast
32%
Kalundborg
32%
Køge
32%
Kolding
32%
Korsør
32%
Næstved
32%
Nexø
32%
Nørre Aaby
32%
Nyborg
32%
Nykøbing F
32%
Odder
32%
Padborg
32%
Randers
32%
Ringkøbing
32%
Ringsted
32%
Rødekro
32%
Rønne
32%
Roskilde
32%
Silkeborg
32%
Skælskør
32%
Skive
32%
Slagelse
32%
Solrød Strand
32%
Sønderborg
32%
Taastrup
32%
Varde
32%
Aars
26%
Billund
26%
Bogense
26%
Fjerritslev
26%
Frederikssund
26%
Gilleleje
26%
Give
26%
Hadsund
26%
Helsinge
26%
Hjørring
26%
Jyderup
26%
Kerteminde
26%
Lemvig
26%
Løgumkloster
26%
Maribo
26%
Nibe
26%
Nordborg
26%
Nykøbing M
26%
Nykøbing S
26%
Præstø
26%
Ribe
26%
Ringe
26%
Rudkøbing
26%
Skanderborg
26%
Sorø
26%
Stege
26%
Støvring
26%
Strib
26%
Taulov
26%
Thurø By
26%
Vojens
26%
Aarup
21%
Årslev
21%
Assens
21%
Børkop
21%
Bramming
21%
Brønderslev
21%
Dronninglund
21%
Faxe
21%
Glamsbjerg
21%
Gråsten
21%
Haslev
21%
Hobro
21%
Hørsholm
21%
Jægerspris
21%
Jelling
21%
Juelsminde
21%
Lillerød
21%
Løgstør
21%
Munkebo
21%
Nakskov
21%
Rønde
21%
Sakskøbing
21%
Skærbæk
21%
Store Heddinge
21%
Struer
21%
Svenstrup
21%
Tarm
21%
Værløse
21%
Vejen
21%
Assentoft
16%
Augustenborg
16%
Beder-Malling
16%
Borup
16%
Brande
16%
Dianalund
16%
Farsø
16%
Farum
16%
Fredensborg
16%
Frederiksværk
16%
Gistrup
16%
Grindsted
16%
Hedehusene-Fløng
16%
Hinnerup
16%
Høng
16%
Jyllinge
16%
Langeskov
16%
Lejre
16%
Løgten-Skødstrup
16%
Ølgod
16%
Ølstykke-Stenløse
16%
Otterup
16%
Ry
16%
Sejs-Svejbæk
16%
Skjern
16%
Slangerup
16%
Søndersø
16%
Storvorde
16%
Strøby Egede
16%
Sundby
16%
Sunds
16%
Svogerslev
16%
Toftlund
16%
Tølløse
16%
Tune
16%
Vamdrup
16%
Viby S
16%
Videbæk
16%
Vildbjerg
16%
Virklund
16%
Vissenbjerg
16%
Vodskov
16%
Asnæs
11%
Aulum
11%
Auning
11%
Birkerød
11%
Bjerringbro
11%
Brædstrup
11%
Broager
11%
Brørup
11%
Frederiksberg
11%
Frejlev
11%
Galten-Skovby
11%
Græsted
11%
Hadsten
11%
Hammel
11%
Hedensted-Løsning
11%
Hjallerup
11%
Hornbæk-Dronningmølle
11%
Hørning
11%
Hornslet
11%
Kjellerup
11%
Klarup
11%
Lynge-Uggeløse
11%
Lystrup
11%
Nivå
11%
Smørumnedre
11%
Solbjerg
11%
Bellinge
5%
Bjæverskov
5%
Fensmark
5%
Harlev
5%
Havdrup
5%
Hjortshøj
5%
Humlebæk
5%
Kirke Hvalsø
5%
Lund
5%
Mårslet
5%
Sabro
5%
Søften
5%
Trige
5%
Hellebæk-Ålsgårde
0%

Score Distribution

Percentile by Number Answered

Percent of People with Each Score

Your Score History

You have not taken this quiz